000 00967nam a2200229Ii 4500
003 JO-AjNU
008 230605s9999||||xx |||||||||||||| ||und||
017 _a2009/9/4051
020 _a978-9957-33-196-2
040 _aJO-AjNU
_bara
_erda
_cJO-AjNU
041 _aara
050 1 4 _aHD30.213.L35.2010
100 3 _aاللامي،غسان قاسم داود/اميرة شكر ولي البياتي,
_eauthor
_927633
245 0 0 _aتكنولوجيا المعلومات في منظمات الاعمال الاستخدامات والتطبيقات=Information Technology in Business Organizations Uses &Applications
250 _aط1
264 3 1 _aعمان:مؤسسة الوراق للنشر والتوزيع،2010
300 _a277ص
336 _atext
_btxt
_2rdacontent
337 _aunmediated
_bn
_2rdamedia
338 _avolume
_bnc
_2rdacarrier
650 4 _aمنظمات اصحاب العمل/ادراة اعمال-تكنولوجيا المعلومات
_927634
999 _aA10623
_c14191
_d14191